Révai kereskedelmi, pénzügyi és ipari lexikona <A> modern üzleti élet enciklopédiája
Gespeichert in:
| Weitere Verfasser: | |
|---|---|
| Format: | Buch |
| Sprache: | Ungarisch |
| Veröffentlicht: |
Budapest
Révai irodalmi intézet kiadása
1931
|
| Ausgabe: | 1.kiadás. |
| Schlagworte: | |
| Tags: |
Keine Tags, Fügen Sie das erste Tag hinzu!
|
MARC
| LEADER | 00000nam a2200000 4500 | ||
|---|---|---|---|
| 001 | c010122 | ||
| 005 | 20221220103645.0 | ||
| 041 | 0 | |a hun | |
| 044 | |a HU | ||
| 245 | 1 | 0 | |a Révai kereskedelmi, pénzügyi és ipari lexikona |b <A> modern üzleti élet enciklopédiája |c Edit. Béla Schack |
| 250 | |a 1.kiadás. | ||
| 264 | 1 | |a Budapest |b Révai irodalmi intézet kiadása |c 1931 | |
| 300 | |a 421 s. | ||
| 610 | 2 | 0 | |a obchod |
| 610 | 2 | 0 | |a peňažníctvo |
| 610 | 2 | 0 | |a priemysel |
| 700 | 1 | |a Schack, Béla | |